000 01076nam a2200313 i 4500
001 185453
003 SpMaBN
005 20250728223348.0
008 160606s1997 sp ao |||| |dspa d
020 _a84-87535-13-5
080 _a524.3
080 _a524.42
100 1 _aHerrmann, Joachim.
_963374
245 1 0 _aEstrellas /
_cJoachim Herrmann ; ilustrado por Sabine Herrmann-Ikram.
260 _aBarcelona :
_bNaturart :
_bBlume,
_c[1997]
300 _a287 p. :
_bil. col., fot. ;
_c20 cm.
490 1 _aGuías de naturaleza Blume
500 _aGlosario.
500 _aÍndices.
504 _aBibliografía: p. 285.
599 _aEn cub.: 58 mapas de estrellas, 78 ilustraciones a todo color y 66 gráficos.
650 0 7 _aEstrellas.
_912564
650 0 4 _aConstelaciones.
_911290
650 _aAstronomía-
_vObras de divulgación.
_910390
700 1 _aHerrmann-Ikram, Sabine.
_9159788
830 0 0 _aGuías de naturaleza Blume
_9225215
852 _aES-MaACL
_jL-30337
_z- enc. cart.
_z. - Donat. Miguel A. Velasco
999 _c185453
_d185453